Об оптимизации конструкции и электрических параметров автономных электростимуляторов желудочно-кишечного тракта; Известия Томского политехнического университета [Известия ТПУ]; Т. 308, № 3

Библиографические подробности
Источник:Известия Томского политехнического университета [Известия ТПУ]/ Томский политехнический университет (ТПУ).— , 2000-
Т. 308, № 3.— 2005.— [С. 147-151]
Главный автор: Глущук С. Ф. Сергей Федорович
Другие авторы: Пеккер Я. С. Яков Семенович
Примечания:Заглавие с титульного листа
Электронная версия печатной публикации
Рассмотрены основные этапы конструирования автономных электростимуляторов желудочно-кишечного тракта с целью создания травмо- и электробезопасного экологически чистого электростимулятора с высокой лечебной эффективностью. Обоснованы форма электростимулятора, его размеры, применяемая элементная база и материал стимулирующих электродов. Рассчитаны длительности стимулирующего импульса с выполнением условия возбуждения клеток гладкомышечной мускулатуры пищеварительного тракта чисто емкостной составляющей стимула. Аргументировано построение структурной схемы электростимулятора. Описана его базовая конструкция.
Язык:русский
Опубликовано: 2005
Серии:Технические науки
Предметы:
Online-ссылка:http://www.lib.tpu.ru/fulltext/v/Bulletin_TPU/2005/v308/i3/35.pdf
Формат: MixedMaterials Электронный ресурс Статья
Запись в KOHA:https://koha.lib.tpu.ru/cgi-bin/koha/opac-detail.pl?biblionumber=170389

MARC

LEADER 00000nla2a2200000 4500
001 170389
005 20231031163703.0
035 |a (RuTPU)RU\TPU\book\184788 
035 |a RU\TPU\book\184787 
090 |a 170389 
100 |a 20091123d2005 k y0rusy50 ca 
101 0 |a rus 
102 |a RU 
135 |a drnn ---uucaa 
181 0 |a i  
182 0 |a b 
200 1 |a Об оптимизации конструкции и электрических параметров автономных электростимуляторов желудочно-кишечного тракта  |b Электронный ресурс  |f С. Ф. Глущук, Я. С. Пеккер 
203 |a Текст  |c электронный 
215 |a 1 файл (316 Кб) 
225 1 |a Технические науки 
230 |a Электронные текстовые данные (1 файл : 316 Кб) 
300 |a Заглавие с титульного листа 
300 |a Электронная версия печатной публикации 
320 |a [Библиогр.: с. 151 (11 назв.)] 
330 |a Рассмотрены основные этапы конструирования автономных электростимуляторов желудочно-кишечного тракта с целью создания травмо- и электробезопасного экологически чистого электростимулятора с высокой лечебной эффективностью. Обоснованы форма электростимулятора, его размеры, применяемая элементная база и материал стимулирующих электродов. Рассчитаны длительности стимулирующего импульса с выполнением условия возбуждения клеток гладкомышечной мускулатуры пищеварительного тракта чисто емкостной составляющей стимула. Аргументировано построение структурной схемы электростимулятора. Описана его базовая конструкция. 
337 |a Adobe Reader 
461 1 |0 (RuTPU)RU\TPU\book\176237  |t Известия Томского политехнического университета [Известия ТПУ]  |f Томский политехнический университет (ТПУ)  |d 2000- 
463 1 |0 (RuTPU)RU\TPU\book\184739  |t Т. 308, № 3  |v [С. 147-151]  |d 2005  |p 263 с. 
610 1 |a оптимизация 
610 1 |a конструкции 
610 1 |a электрические параметры 
610 1 |a автономные электростимуляторы 
610 1 |a желудочно-кишечный тракт 
610 1 |a конструирование 
610 1 |a травмобезопасные электростимуляторы 
610 1 |a лечебная эффективность 
610 1 |a формы 
610 1 |a размеры 
610 1 |a элементная база 
610 1 |a материалы 
610 1 |a электроды 
610 1 |a импульсы 
610 1 |a условия 
610 1 |a возбуждение 
610 1 |a клетки 
610 1 |a гладкомышечная мускулатура 
610 1 |a пищеварительный тракт 
610 1 |a стимулы 
610 1 |a составляющие 
610 1 |a структурные схемы 
610 1 |a труды учёных ТПУ 
610 1 |a электронный ресурс 
700 1 |a Глущук  |b С. Ф.  |g Сергей Федорович 
701 1 |a Пеккер  |b Я. С.  |c специалист в области медицинской техники  |c профессор Томского политехнического университета, кандидат технических наук  |f 1940-  |g Яков Семенович  |2 stltpush  |3 (RuTPU)RU\TPU\pers\25941 
801 1 |a RU  |b 63413507  |c 20090623  |g PSBO 
801 2 |a RU  |b 63413507  |c 20211012  |g PSBO 
856 4 |u http://www.lib.tpu.ru/fulltext/v/Bulletin_TPU/2005/v308/i3/35.pdf 
942 |c CF